000 00615nam a22002177a 4500
003 DO-SdBNP
005 20240417100501.0
008 211129b2019 ||||| |||| 00| 0 spa d
020 _a9789945169584
040 _aDO-SdBNP
_bspa
_cBNPHU
082 _aRD861.44
_bG216p
100 1 _aGarcía, Diógenes
_98453
245 1 0 _aPoesías con ala filosófica /
_cDiógenes García
260 _aSanto Domingo :
_bBúho,
_c2019
300 _a68 p. ;
_c22 cm
590 _aInventariado, 2021 / DG
650 _aPoesía dominicana
_980764
650 0 _aLiteratura dominicana
_981037
910 _aD/G
942 _2ddc
_cLBS1
999 _c51057
_d51057